Finales de Coupes d'Europe de Football 2023-2024 - Statistiques

Statistiques générales
  • Ce quiz a été pris 297 fois
  • Le résultat moyen est 7 sur 9
Statistiques - réponses
Réponse % Correct
Real Madrid
100%
Borussia Dortmund
97%
Bayer Leverkusen
94%
Atalanta Bergame
91%
Olympique Lyonnais
90%
FC Barcelone
83%
Fiorentina
65%
Olympiakos
65%
Milan AC
28%
Aucun quiz correspondant
Distribution des résultats
% des personnes avec chaque résultat
Percentile par nombre de réponses
Votre historique - résultats
Vous n’avez pas pris ce quiz